000 00687nam a2200229Ii 4500
003 JO-AjNU
008 230605s9999||||xx |||||||||||||| ||und||
017 _a2005/8/1897
020 _a9957-09-215-4
040 _aJO-AjNU
_bara
_erda
_cJO-AjNU
041 _aara
050 1 4 _aPJ7826.H74.M37 2005
100 3 _aالغزوي، رمزي,
_eauthor
_957521
245 0 0 _aموجة قمح
250 _aط1
264 3 1 _aعمان: ازمنه للنشر والتوزيع،2005
300 _a83ص
336 _atext
_btxt
_2rdacontent
337 _aunmediated
_bn
_2rdamedia
338 _avolume
_bnc
_2rdacarrier
650 4 _aالقصص العربيه القصيره-الاردن
_957522
999 _aA25783
_c29351
_d29351